| 000 | 00000nam 2200000zi 4500 |
| 001 | 9.938509 |
| 003 | CaOODSP |
| 005 | 20250318083223 |
| 006 | m o d f |
| 007 | cr cn||||||||| |
| 008 | 240522t20252025oncabdo obf f000 0 fre d |
| 020 | |a9780660720463 |
| 040 | |aCaOODSP|bfre|erda|cCaOODSP |
| 043 | |an-cn--- |
| 086 | 1 |aNR24-28/1-2020F-PDF |
| 245 | 00|aCommentaires sur le calcul des structures (guide de l'utilisateur - CNB 2020 : |bpartie 4 de la division B) / |cpublié par la Commission canadienne des codes du bâtiment et de prévention des incendies, Conseil national de recherches du Canada. |
| 246 | 14|aCommentaires sur le calcul des structures : |bguide de l'utilisateur Code national du bâtiment - Canada 2020 partie 4 de la division B |
| 250 | |aCinquième édition 2025, Première impression. |
| 264 | 1|a[Ottawa] : |bConseil national de recherches Canada = National Research Council Canada, |c2025. |
| 264 | 4|c©2025 |
| 300 | |a1 ressource en ligne (1 volume (pagination multiple)) : |billustrations, cartes, graphiques, photographies |
| 336 | |atexte|btxt|2rdacontent/fre |
| 337 | |ainformatique|bc|2rdamedia/fre |
| 338 | |aressource en ligne|bcr|2rdacarrier/fre |
| 500 | |aPublié aussi en anglais sous le titre : Structural commentaries (user's guide - NBC 2020 : part 4 of Division B). |
| 504 | |aComprend des références bibliographiques. |
| 520 | |a« Les présents commentaires sur le calcul des structures ont pour but de mettre à la disposition des concepteurs des données de calcul détaillées pour leur faciliter l'utilisation de la partie 4 de la division B du Code national du bâtiment - Canada 2020 (CNB). Ils sont proposés comme données de base et, dans certains cas, comme méthode facultative de calcul, mais ne constituent nullement des exigences obligatoires » -- Introduction, page v. |
| 530 | |aÉgalement publié en version imprimée. |
| 650 | 6|aConstruction|xDroit|zCanada|vCodes. |
| 650 | 6|aConstructions|xNormes|zCanada. |
| 650 | 6|aConstructions|xCalcul|vGuides, manuels, etc. |
| 655 | 7|aGuides et manuels|2rvmgf |
| 710 | 2 |aCommission canadienne des codes du bâtiment et de prévention des incendies, |eorganisme de publication. |
| 775 | 08|tStructural commentaries (user's guide – NBC 2020 : |w(CaOODSP)9.938506 |
| 776 | 0#|tCommentaires sur le calcul des structures : |w(CaOODSP)9.938510 |
| 795 | |tCommentaires sur le calcul des structures (guide de l'utilisateur – CNB 2015 : |bQuatrième édition.|w(CaOODSP)9.805118 |
| 856 | 40|qPDF|s12.5 Mo|uhttps://publications.gc.ca/collections/collection_2025/cnrc-nrc/NR24-28-1-2020-fra.pdf |
| 856 | 40|qHTML|sS.O.|uhttps://doi.org/10.4224/rnwy-j996 |
| 986 | |aNRCC-CONST-56529F |